000 00702nam a2200241Ia 4500
003 OSt
005 20220918223950.0
006 a|||||r|||| 00| 0
007 ta
008 220917b |||||||| |||| 00| 0 eng d
024 _a225,937
037 _cTextual
040 _aARTS
_cARTS
_beng
041 _2eng
_aeng
082 _aR6,3, N6
100 _aPhillips Stephen H.
_924392
245 0 _aClassical Indian metaphysics
_b Refutations of realism and the emergence of New logic
260 _aNew Delhi
_bMotilal Bansarsidass pub.
_c1996
300 _axiv, 391p
_ccm.
650 _aINDIAN PHILOSOPHY
942 _hR6,3, N6
_cTEXL
_2CC
999 _c279856
_d279856